Veľká záhradkárska encyklopédia

Guardado en:
Detalles Bibliográficos
Autor principal: Brickell, Christopher (Autor)
Formato: Libro
Lenguaje:eslovaco
Publicado: Bratislava : Príroda, 1994
Edición:1. vydanie
Materias:
Etiquetas: Agregar Etiqueta
Sin Etiquetas, Sea el primero en etiquetar este registro!

MARC

LEADER 00000nam a22000003a 4500
001 stu11596
005 20150617225804.6
008 950627s1994----xo------------------slo-d
020 |a 80-07-00647-8 
040 |a STU  |b slo 
041 0 |a slo 
044 |a xo 
100 1 |a Brickell, Christopher  |4 aut 
245 1 |a Veľká záhradkárska encyklopédia 
250 |a 1. vydanie 
260 |a Bratislava :  |b Príroda,  |c 1994 
300 |a 622 s 
650 7 |a záhrada  |2 stusub 
650 7 |a záhradná architektúra  |2 stusub 
996 |b 284AU04479  |c A*2594 U  |l AAKNAR  |s A  |a 24  |w stu11596_0001